<?xml version="1.0" encoding="UTF-8"?>
<record
    xmlns:xsi="http://www.w3.org/2001/XMLSchema-instance"
    xsi:schemaLocation="http://www.loc.gov/MARC21/slim http://www.loc.gov/standards/marcxml/schema/MARC21slim.xsd"
    xmlns="http://www.loc.gov/MARC21/slim">

  <leader>01718nam a2200301uu 4500</leader>
  <controlfield tag="001">1454065</controlfield>
  <controlfield tag="005">20260508090745.0</controlfield>
  <controlfield tag="008">161102s2004                        spa  </controlfield>
  <datafield tag="020" ind1=" " ind2=" ">
    <subfield code="a">9788448142773</subfield>
  </datafield>
  <datafield tag="035" ind1=" " ind2=" ">
    <subfield code="a">1454065</subfield>
  </datafield>
  <datafield tag="040" ind1=" " ind2=" ">
    <subfield code="c">comduadb</subfield>
  </datafield>
  <datafield tag="041" ind1=" " ind2=" ">
    <subfield code="a">spa</subfield>
  </datafield>
  <datafield tag="082" ind1=" " ind2="4">
    <subfield code="a">658</subfield>
  </datafield>
  <datafield tag="100" ind1="1" ind2="0">
    <subfield code="a">De Feo , Joseph A.</subfield>
    <subfield code="4">aut</subfield>
    <subfield code="e">aut</subfield>
    <subfield code="9">720945</subfield>
  </datafield>
  <datafield tag="245" ind1="1" ind2="0">
    <subfield code="a">M&#xE1;s all&#xE1; de Seis Sigma</subfield>
  </datafield>
  <datafield tag="260" ind1=" " ind2=" ">
    <subfield code="a">Madrid :</subfield>
    <subfield code="b">McGraw-Hill,</subfield>
    <subfield code="c">2004.</subfield>
  </datafield>
  <datafield tag="300" ind1=" " ind2=" ">
    <subfield code="a">389 p&#xE1;ginas :</subfield>
    <subfield code="b">ilustraciones</subfield>
  </datafield>
  <datafield tag="500" ind1=" " ind2=" ">
    <subfield code="a">GENERAL : T&#xED;tulo de la caratula "Juran Institute's m&#xE1;s all&#xE1; de Seis Sigma" .</subfield>
  </datafield>
  <datafield tag="520" ind1="3" ind2=" ">
    <subfield code="a">Esta obra, presenta la metodolog&#xED;a de Juran Institute, perfeccionada a trav&#xE9;s de m&#xFA;ltiples experiencias en distintas empresas mundiales, para lograr una cultura basada en la mejora continua del rendimiento. - Investigaci&#xF3;n y experiencia perfeccionada en el tiempo, que le proporcionar&#xE1; las respuestas a las preguntas m&#xE1;s frecuentes sobre los procesos de cambio y la forma de hacerlos sostenibles. - Mejora continua en el liderazgo, estrategia, organizaci&#xF3;n, tiempo de ciclo, velocidad de desarrollo de nuevos productos, control de calidad, cultura, adaptabilidad y m&#xE1;s. - Hacer r&#xE1;pidos progresos usando los m&#xE9;todos de mejora radical de Juran Institute. - Remover las barreras al cambio, adaptando las lecciones aprendidas en otras empresas.</subfield>
  </datafield>
  <datafield tag="650" ind1=" " ind2=" ">
    <subfield code="a">Seis sigma (Norma de control de calidad)</subfield>
    <subfield code="9">183010</subfield>
  </datafield>
  <datafield tag="650" ind1=" " ind2=" ">
    <subfield code="a">Mejoramiento continuo</subfield>
    <subfield code="9">827</subfield>
  </datafield>
  <datafield tag="650" ind1=" " ind2="7">
    <subfield code="a">Control de calidad</subfield>
    <subfield code="2">lemb</subfield>
    <subfield code="9">5414</subfield>
  </datafield>
  <datafield tag="650" ind1=" " ind2=" ">
    <subfield code="a">Metodolog&#xED;a Seis Sigma</subfield>
    <subfield code="9">72363</subfield>
  </datafield>
  <datafield tag="700" ind1="1" ind2="0">
    <subfield code="a">Barnard, William W.</subfield>
    <subfield code="4">aut</subfield>
    <subfield code="e">aut</subfield>
    <subfield code="9">747948</subfield>
  </datafield>
  <datafield tag="700" ind1="1" ind2="0">
    <subfield code="a">Juran, Joseph Moses</subfield>
    <subfield code="4">aui</subfield>
    <subfield code="e">aui</subfield>
    <subfield code="9">472175</subfield>
  </datafield>
  <datafield tag="700" ind1="1" ind2="0">
    <subfield code="a">Bab&#xE9; Romero, Ignacio</subfield>
    <subfield code="4">trl</subfield>
    <subfield code="e">trl</subfield>
    <subfield code="9">720946</subfield>
  </datafield>
  <datafield tag="942" ind1=" " ind2=" ">
    <subfield code="c">BOOK</subfield>
  </datafield>
  <datafield tag="999" ind1=" " ind2=" ">
    <subfield code="c">745457</subfield>
    <subfield code="d">745457</subfield>
  </datafield>
  <datafield tag="952" ind1=" " ind2=" ">
    <subfield code="0">0</subfield>
    <subfield code="1">0</subfield>
    <subfield code="4">0</subfield>
    <subfield code="7">0</subfield>
    <subfield code="8">GEN</subfield>
    <subfield code="a">BC</subfield>
    <subfield code="b">BC</subfield>
    <subfield code="d">2016-11-02</subfield>
    <subfield code="e">Material pagado por sanci&#xF3;n</subfield>
    <subfield code="g">30000.00</subfield>
    <subfield code="i">C1253943</subfield>
    <subfield code="l">2</subfield>
    <subfield code="m">1</subfield>
    <subfield code="o">658.562 D313</subfield>
    <subfield code="p">1016463</subfield>
    <subfield code="r">2025-11-06 16:28:59</subfield>
    <subfield code="s">2025-07-26</subfield>
    <subfield code="t">1</subfield>
    <subfield code="w">2023-05-03</subfield>
    <subfield code="y">BOOK</subfield>
  </datafield>
</record>
